MARC

LEADER 00000nam0a2200000 4500
001 312785
005 20231102002523.0
020 |a RU  |b 82-41954 
035 |a (RuTPU)RU\TPU\book\338155 
090 |a 312785 
100 |a 20151228d1982 km y0rusy5003 ca 
101 0 |a rus 
102 |a UA 
105 |a y g 001zy 
200 1 |a Планирование новой техники  |e справочник  |f В. П. Александрова [и др.] 
210 |a Киев  |c Технiка  |d 1982 
215 |a 183 с. 
300 |a Авт. указаны на 4-й с. 
320 |a Библиогр.: с. 182 
606 1 |a Промышленные предприятия  |x Освоение новых изделий и конструкций  |2 stltpush  |3 (RuTPU)RU\TPU\subj\52580  |9 70992 
610 1 |a внедрение передовой технологии и техники 
610 1 |a планирование 
610 1 |a смправочники 
610 1 |a новая техника 
610 1 |a наука 
610 1 |a научно-технический прогресс 
610 1 |a развитие 
610 1 |a анализ 
610 1 |a экономические результаты 
610 1 |a техническое перевооружение 
675 |a 658.589  |z rus  |v 3 
701 1 |a Александрова  |b В. П.  |g Валентина Петровна 
701 1 |a Гарцман  |b Я. Д.  |g Янина Давидовна 
701 1 |a Загорская  |b Т. П.  |g Татьяна Павловна 
701 1 |a Калашников  |b Б. В.  |g Борис Владимирович 
801 0 |a RU  |b RuMRKP  |c 19950704  |g psbo 
801 1 |a RU  |b 63413507  |c 20151228 
801 2 |a RU  |b 63413507  |c 20220630  |g RCR 
942 |c BK